00275pab a2200121 454500008004000000100001800040245003700058260000900095300000900104362001100113650001800124773001100142180718b1986 xxu||||| |||| 00| 0 eng d aBanks - India aRural banking for the rural poor c1986 a8-10 a1 Jan. aBanks - India aYojana